MARC

LEADER 00000nam0a2200000 4500
001 376855
005 20250204112949.0
035 |a (RuTPU)RU\TPU\retro\34297 
035 |a RU\TPU\retro\34296 
090 |a 376855 
100 |a 20230119d1896 k y0engy50 ba 
101 0 |a eng 
102 |a US 
105 |a abf z 001zy 
200 1 |a Geology of the Denver Basin in Colorado  |f S. F. Emmons, W. Cross, H. Eldridge  |g Department of the Interior 
210 |a Washington  |c Governmext Printing Office  |d 1896 
215 |a XVI, 556 p.  |c il.  |e 5 cards 
225 1 |a Monographs of the United States Geological Survey  |v Vol. 27 
320 |a Index: p. 551-556 
606 1 |a Геология  |y Америка  |2 stltpush  |3 (RuTPU)RU\TPU\subj\6097  |9 34056 
610 1 |a геология 
610 1 |a США 
610 1 |a Америка 
610 1 |a штат Колорадо 
610 1 |a Денверский бассейн 
610 1 |a геологическое развитие 
610 1 |a история 
610 1 |a горные породы 
610 1 |a рельеф 
610 1 |a структура 
610 1 |a климат 
610 1 |a климатические особенности 
610 1 |a флора 
610 1 |a фауна 
610 1 |a мезозойская эра 
610 1 |a кайнозой 
610 1 |a кайнозойская эра 
610 1 |a мезозой 
610 1 |a третичный период 
610 1 |a четвертичный период 
610 1 |a плейстоцен 
610 1 |a магматические формации 
610 1 |a полезные ископаемые 
610 1 |a ископаемые растения 
610 1 |a окаменелости 
610 1 |a геологические исследования 
610 1 |a палеонтологические исследования 
610 1 |a английский язык 
610 1 |a Коллекция кафедры общей геологии 
675 |a 55(7/8)  |v 4 
700 1 |a Emmons  |b S. F.  |g Samuel Franklin 
701 1 |a Cross  |b W.  |g Whitman 
701 1 |a Eldridge  |b H.  |g Homans 
712 0 2 |a Department of the Interior 
801 1 |a RU  |b 63413507  |c 20230117 
801 2 |a RU  |b 63413507  |c 20230314  |g RCR 
942 |c BK